Government and business (Record no. 75983)

MARC details
000 -LEADER
fixed length control field 01607nam a2200265 a 4500
008 - FIXED-LENGTH DATA ELEMENTS--GENERAL INFORMATION
fixed length control field 120416s1984 ||||||||||||||||| || u
020 ## - INTERNATIONAL STANDARD BOOK NUMBER
International Standard Book Number 007025186X
050 ## - LIBRARY OF CONGRESS CALL NUMBER
Classification number HD 3616.U52 Guj
100 ## - MAIN ENTRY--PERSONAL NAME
Personal name Gujarati, Damodar N
245 10 - TITLE STATEMENT
Title Government and business
260 ## - PUBLICATION, DISTRIBUTION, ETC.
Place of publication, distribution, etc. New York
Name of publisher, distributor, etc. McGraw-Hill
Date of publication, distribution, etc. 1984
300 ## - PHYSICAL DESCRIPTION
Extent xxi, 536 p.
350 ## -
-- 0.00
500 ## - GENERAL NOTE
General note Includes bibliographical references and indexes.
650 ## - SUBJECT ADDED ENTRY--TOPICAL TERM
Topical term or geographic name entry element Industrial policy--United States--History
650 ## - SUBJECT ADDED ENTRY--TOPICAL TERM
Topical term or geographic name entry element INDUSTRY
650 ## - SUBJECT ADDED ENTRY--TOPICAL TERM
Topical term or geographic name entry element Industrial laws and legislation--United States--History
650 ## - SUBJECT ADDED ENTRY--TOPICAL TERM
Topical term or geographic name entry element COMMERCIAL LAW--UNITED STATES--HISTORY
995 ## -
-- ANNEX COLLECTION (Main Library)
-- 0.00
-- 710491
-- CBU-MAIN LIBRARY (Kitwe)
-- 1
-- 25.95
-- HD 3616.U52 Guj
-- 1
-- AVAILABLE
-- 003763
-- Annex Low-Usage Collection
995 ## -
-- ANNEX COLLECTION (Main Library)
-- 0.00
-- 710492
-- CBU-MAIN LIBRARY (Kitwe)
-- 2
-- 25.95
-- HD 3616.U52 Guj
-- 2
-- AVAILABLE
-- 003765
-- Annex Low-Usage Collection
995 ## -
-- ANNEX COLLECTION (Main Library)
-- 0.00
-- 710490
-- CBU-MAIN LIBRARY (Kitwe)
-- 4
-- 25.95
-- HD 3616.U52 Guj
-- 4
-- AVAILABLE
-- 003766
-- Annex Low-Usage Collection
995 ## -
-- ANNEX COLLECTION (Main Library)
-- 0.00
-- 713068
-- CBU-MAIN LIBRARY (Kitwe)
-- 6
-- 25.95
-- HD 3616.U52 Guj
-- 6
-- AVAILABLE
-- 003762
-- Annex Low-Usage Collection
995 ## -
-- ANNEX COLLECTION (Main Library)
-- 0.00
-- 710489
-- CBU-MAIN LIBRARY (Kitwe)
-- 3
-- 25.95
-- HD 3616.U52 Guj
-- 3
-- AVAILABLE
-- 003764
-- Annex Low-Usage Collection
995 ## -
-- ANNEX COLLECTION (Main Library)
-- 0.00
-- 713069
-- CBU-MAIN LIBRARY (Kitwe)
-- 5
-- 25.95
-- HD 3616.U52 Guj
-- 5
-- AVAILABLE
-- 003761
-- Annex Low-Usage Collection
999 ## -
-- 75983
-- 75983
Holdings
Withdrawn status Lost status Source of classification or shelving scheme Damaged status Not for loan Permanent Location Current Location Date acquired Full call number Barcode Date last seen Copy number Price effective from Koha item type Shelving location Total Checkouts
Withdrawn         CBU-MAIN LIBRARY, KITWE. CBU-MAIN LIBRARY, KITWE. 04/25/2023 HD 3616.U52 Guj 003763 04/25/2023 1 04/25/2023 MONOGRAPH    
Withdrawn         CBU-MAIN LIBRARY, KITWE. CBU-MAIN LIBRARY, KITWE. 04/25/2023 HD 3616.U52 Guj 003765 04/25/2023 2 04/25/2023 MONOGRAPH    
          CBU-MAIN LIBRARY, KITWE. CBU-MAIN LIBRARY, KITWE. 04/25/2023 HD 3616.U52 Guj 003766 04/25/2023 3 04/25/2023 MONOGRAPH    
          CBU-MAIN LIBRARY, KITWE. CBU-MAIN LIBRARY, KITWE. 04/25/2023 HD 3616.U52 Guj 003762 04/25/2023 4 04/25/2023 MONOGRAPH    
Withdrawn         CBU-MAIN LIBRARY, KITWE. CBU-MAIN LIBRARY, KITWE. 04/25/2023 HD 3616.U52 Guj 003764 04/25/2023 5 04/25/2023 MONOGRAPH    
Withdrawn         CBU-MAIN LIBRARY, KITWE. CBU-MAIN LIBRARY, KITWE. 04/25/2023 HD 3616.U52 Guj 003761 04/25/2023 6 04/25/2023 MONOGRAPH